000 00343nam a2200121 a 4500
001 000045835
005 20201002052454.0
008 150519s2010 000 spa d
040 _aDO-SdBNP
_bspa
_cBNPHU
245 0 _aActividades del secretario general 2009.
260 _aSanto Domingo :
_bSG-SICA,
_c[2010].
300 _a66 p. :
_bil. ;
_c29 cm.
999 _c45324
_d45324